| 000 | 01164cab a22002055a 4500 | ||
|---|---|---|---|
| 001 | L138033 | ||
| 008 | 070514e20070510xxk f 000 0 eng d | ||
| 035 | _a(Sirsi) u138033 | ||
| 041 | 0 | _aeng | |
| 100 | 1 | _aButton, Roger | |
| 245 | 0 | 0 | _aWill the new way of partnering convince the sceptics to play ball? |
| 260 | _c2007 | ||
| 490 | 0 |
_aConstruction News _v(7017) 10 May 2007, 13(1) |
|
| 520 | _aHighlights the advantages of the JCT Constructing Excellence (CE) Contract (2006 edition), when compared to other partnering contract such as the NEC forms. In particular, notes that the CE contract has one form for all project participants, contains a new method of pricing and allocating risk, and that adversial behaviour is likely to be penalised if a dispute arises. Concludes that those in favour of collaborative working and who put the time and effort in will reap the benefits of the CE contract. | ||
| 590 | _aKA | ||
| 650 | 2 | 4 | _aJCT CONSTRUCTING EXCELLENCE CONTRACT (2006 EDITION) |
| 651 | 4 |
_aUnited Kingdom _y |
|
| 690 | _aBUILT ENVIRONMENT-BUILDING CONTRACT FORMS-STANDARD FORMS OF BUILDING CONTRACT-JOINT CONTRACTS TRIBUNAL CONTRACTS | ||
| 942 | _n0 | ||
| 999 |
_c78773 _d78773 |
||